Isolated invariant sets and the Morse index
Αποθηκεύτηκε σε:
| Κύριος συγγραφέας: | |
|---|---|
| Συγγραφή απο Οργανισμό/Αρχή: | |
| Μορφή: | Βιβλίο |
| Γλώσσα: | English |
| Δημοσίευση: |
Providence, R.I. :
Published for the Conference Board of the Mathematical Sciences by the American Mathematical Society,
c1978
|
| Σειρά: | Regional conference series in mathematics ;
; 38 |
| Θέματα: | |
| Ετικέτες: |
Προσθήκη ετικέτας
Δεν υπάρχουν, Καταχωρήστε ετικέτα πρώτοι!
|
MARC
| LEADER | 00000cam a2200000 i 4500 | ||
|---|---|---|---|
| 001 | 1/47158 | ||
| 008 | 941103s1978 eng d | ||
| 020 | |a 0-8218-1688-8 | ||
| 035 | |a 1993 |l 10042988 | ||
| 040 | |a GR-MY-UA |b gre |e aacr | ||
| 041 | 0 | |a eng | |
| 082 | 0 | |a 515.35 | |
| 100 | 1 | |a Conley, Charles C., |d 1933-1984. | |
| 245 | 1 | 0 | |a Isolated invariant sets and the Morse index / |c by Charles Conley |
| 260 | |a Providence, R.I. : |b Published for the Conference Board of the Mathematical Sciences by the American Mathematical Society, |c c1978 | ||
| 300 | |a 89 p.; |b ill.; |c 26 cm. | ||
| 490 | 1 | |a Regional conference series in mathematics |v ; 38 | |
| 500 | |a "Expository lectures from the CBMS regional conference held at the University of Colorado, May 31 - June 4, 1976." | ||
| 500 | |a Bibliography: P. 85-89 | ||
| 650 | 0 | 0 | |a Differential equations. |
| 650 | 0 | 0 | |a Differentiable dynamical systems. |
| 650 | 0 | 0 | |a Topological dynamics. |
| 710 | 2 | |a Conference Board of the Mathematical Sciences. | |
| 830 | 0 | |a Regional conference series in mathematics ; |v ; 38 | |
| 852 | |a INST |b SAMOS |e 19941103 |h 515.35 CON |p 005300007445 |q 005300007445 |t BK |y 0 | ||
| 909 | |a Σ |b 034611 | ||